<?xml version="1.0" encoding="UTF-8"?>
<record
    xmlns:xsi="http://www.w3.org/2001/XMLSchema-instance"
    xsi:schemaLocation="http://www.loc.gov/MARC21/slim http://www.loc.gov/standards/marcxml/schema/MARC21slim.xsd"
    xmlns="http://www.loc.gov/MARC21/slim">

  <leader>00835cam a22002291  4500</leader>
  <controlfield tag="001">sd 40000170 </controlfield>
  <controlfield tag="003">DLC</controlfield>
  <controlfield tag="005">20260227112733.0</controlfield>
  <controlfield tag="008">870421s1939    it c          000 0 fre c</controlfield>
  <datafield tag="010" ind1=" " ind2=" ">
    <subfield code="a">sd 40000170 </subfield>
  </datafield>
  <datafield tag="035" ind1=" " ind2=" ">
    <subfield code="a">(OCoLC)15562396</subfield>
  </datafield>
  <datafield tag="040" ind1=" " ind2=" ">
    <subfield code="a">U.S. Dept. of State Library</subfield>
    <subfield code="c">DGW</subfield>
    <subfield code="d">DLC</subfield>
  </datafield>
  <datafield tag="042" ind1=" " ind2=" ">
    <subfield code="a">premarc</subfield>
  </datafield>
  <datafield tag="050" ind1="0" ind2="0">
    <subfield code="a">JX1930</subfield>
    <subfield code="b">.U5 1939</subfield>
  </datafield>
  <datafield tag="111" ind1="2" ind2=" ">
    <subfield code="a">Universal Peace Congress</subfield>
    <subfield code="n">(33d :</subfield>
    <subfield code="d">1939 :</subfield>
    <subfield code="c">Zurich)</subfield>
  </datafield>
  <datafield tag="245" ind1="1" ind2="0">
    <subfield code="a">Documents officiels.</subfield>
  </datafield>
  <datafield tag="260" ind1=" " ind2=" ">
    <subfield code="a">Gen&#xE8;ve,</subfield>
    <subfield code="b">Le Bureau international de la paix</subfield>
    <subfield code="c">[1939?]</subfield>
  </datafield>
  <datafield tag="300" ind1=" " ind2=" ">
    <subfield code="a">132 p.</subfield>
    <subfield code="b">front. (port.)</subfield>
    <subfield code="c">26 cm.</subfield>
  </datafield>
  <datafield tag="500" ind1=" " ind2=" ">
    <subfield code="a">At head of title: XXXIIIe Congr&#xE8;s universel de la paix, tenu &#xE0; Zurich, salle du Grand conseil du 21 au 24 ao&#xFB;t 1939.</subfield>
  </datafield>
  <datafield tag="500" ind1=" " ind2=" ">
    <subfield code="a">Text mainly in French; the resolutions adopted are in French, Eng and German.</subfield>
  </datafield>
  <datafield tag="650" ind1=" " ind2="0">
    <subfield code="a">Peace</subfield>
    <subfield code="v">Congresses.</subfield>
  </datafield>
  <datafield tag="999" ind1=" " ind2=" ">
    <subfield code="c">89856</subfield>
    <subfield code="d">89856</subfield>
  </datafield>
</record>
